01362nam a2200349Ia 4500001001200000003000800012006001900020007001500039008004100054020002200095020002200117020002500139020002500164040002100189035002100210050002400231100002000255245008800275260009900363300001100462490002400473504005100497533015200548650005000700650002100750655002900771700002500800710001700825830002500842856012600867999001900993ebr10359437CaPaEBRm u cr cn|||||||||090617s2009 enk sb 001 0 eng d z1848131976 (hbk.) z1848131984 (pbk.) z9781848131972 (hbk.) z9781848131989 (pbk.) aCaPaEBRcCaPaEBR a(OCoLC)69414724914aHD75.7b.J64 2009eb1 aJohnson, Hazel.10aLearning for developmenth[electronic resource] /cHazel Johnson and Gordon Wilson. aLondon ;aNew York :bZed ;aNew York :bDistributed in the USA by Palgrave Macmillan,cc2009. a152 p.1 aDevelopment matters aIncludes bibliographical references and index. aElectronic reproduction.bPalo Alto, Calif. :cebrary,d2011.nAvailable via World Wide Web.nAccess may be limited to ebrary affiliated libraries. 0aEconomic developmentxEffect of education on. 0aEconomic policy. 7aElectronic books.2local1 aWilson, Gordon,cDr.2 aebrary, Inc. 0aDevelopment matters.40uhttp://site.ebrary.com/lib/rucke/Doc?id=10359437zAn electronic book accessible through the World Wide Web; click to view c104798d104798